9 mm i altres textos : de Lionel Spycher : traducció: Joan Casas i Joan Ollé de Lionel Spycher : traducció: Joan Casas i Joan Ollé
Descripción Física:
1 targeta postal ; il. col. ; 11 x 15 cm.
Colección:
Teatre - Curs 2018-19
Idioma:
Catalán
MARC
| LEADER | 00000nkm a22000007a 4500 | ||
|---|---|---|---|
| 001 | 27257 | ||
| 003 | Arxiu | ||
| 005 | 20260324181150.0 | ||
| 008 | 230116b spa||||| |||| 00| 0 cat d | ||
| 017 | |a B 28641-2018 | ||
| 040 | |a agdb |b cat | ||
| 245 | |a 9 mm i altres textos : |b de Lionel Spycher : traducció: Joan Casas i Joan Ollé | ||
| 260 | |a Barcelona : |b Institut del Teatre ; |c 2018 | ||
| 300 | |a 1 targeta postal ; |b il. col. ; |c 11 x 15 cm. | ||
| 490 | |a Teatre - Curs 2018-19 | ||
| 500 | |a Targeta promocional de l'espectacle teatral "9 mm i altres textos" realitzat els dies 13, 14, 15 i 16 de desembre de 2018, a la sala Plató de l'Institut del Teatre. | ||
| 650 | 0 | |9 21513 |a Teatre |x Barcelona (Catalunya) | |
| 655 | 0 | |9 52685 |a Targetes postals | |
| 710 | 1 | |9 52662 |a Institut del Teatre (Barcelona, Catalunya) | |
| 942 | |2 udc |c ARXIU |n 1 | ||
| 952 | |0 0 |1 0 |2 udc |4 0 |6 NBM16177 |7 1 |9 65029 |a Arxiu |b Arxiu |d 2023-01-16 |l 0 |o NBM-16-177 |p 27257 |r 2023-01-16 00:00:00 |w 2023-01-16 |y ARXIU | ||
| 999 | |c 82959 |d 82959 | ||